[Event "Chigorin Memorial 24th"]
[Site "St Petersburg"]
[Date "2016.10.19"]
[Round "5"]
[White "Bondarenko, Dmitry"]
[Black "Sokolov, Ilia"]
[Result "1-0"]
[WhiteElo "1918"]
[BlackElo "1762"]
[PlyCount "53"]
[EventDate "2016.10.15"]
[EventType "swiss"]
[EventRounds "9"]
[EventCountry "RUS"]
[SourceTitle "CBM 175 Extra"]
[Source "ChessBase"]
[SourceDate "2016.12.12"]
[SourceVersion "1"]
[SourceVersionDate "2016.12.12"]
[SourceQuality "1"]

1. d4 Nf6 2. Bg5 e6 3. e3 Be7 4. c3 c5 5. Nd2 Nc6 6. dxc5 Bxc5 7. Ne4 Be7 8. Bxf6 gxf6 9. Nd6+ Bxd6 10. Qxd6 Qe7 11. Qg3 f5 12. Nf3 b6 13. Bb5 Qc5 14. Bxc6 Qxc6 15. Qg7 Rf8 16. 0-0-0 Qa4 17. Rd4 Qxa2 18. Rhd1 d5 19. Ng5 f6 20. Nxh7 Rf7 21. Nxf6+ Ke7 22. Ng8+ Ke8 23. Qg6 Bd7 24. Nf6+ Kd8 25. Nxd7 Rxd7 26. Qg8+ Kc7 27. Qxa8 1-0

[Event "Chigorin Memorial 19th"]
[Site "St Petersburg"]
[Date "2011.10.22"]
[Round "9"]
[White "Bondarenko, Dmitry"]
[Black "Semenova, Irina"]
[Result "1/2-1/2"]
[WhiteElo "1894"]
[BlackElo "2236"]
[PlyCount "117"]
[EventDate "2011.10.14"]
[EventType "swiss"]
[EventRounds "9"]
[EventCountry "RUS"]
[SourceTitle "CBM 144 Extra"]
[Source "ChessBase"]
[SourceDate "2011.10.28"]
[SourceVersion "1"]
[SourceVersionDate "2011.10.28"]
[SourceQuality "1"]

1. d4 Nf6 2. Bg5 d5 3. Bxf6 gxf6 4. g3 c5 5. c3 e5 6. e3 Nc6 7. dxc5 Bxc5 8. Bg2 Be6 9. b4 Bb6 10. Ne2 Qd7 11. Nd2 Rc8 12. 0-0 0-0 13. a4 a6 14. Qb1 Ne7 15. Rd1 Bg4 16. Bf3 Kh8 17. Bxg4 Qxg4 18. Re1 Rg8 19. a5 Bc7 20. b5 Rg6 21. Qb4 Qxb4 22. cxb4 axb5 23. a6 bxa6 24. Rxa6 f5 25. Ra7 Bd6 26. Nf3 Rc2 27. Kf1 Rb2 28. Nxe5 Rf6 29. Nd7 Rh6 30. h4 Bxb4 31. Rc1 Rc6 32. Rxc6 Nxc6 33. Rc7 Ne7 34. Nd4 Ba3 35. Rb7 b4 36. Ne5 b3 37. Rxb3 Rxb3 38. Nxb3 Kg7 39. Nf3 Kf6 40. Ke2 Nc6 41. Kd3 Bb4 42. Nbd4 Ne7 43. Ne2 Bc5 44. Kc3 h6 45. Nf4 Ba7 46. Kb4 Bb6 47. Nd3 Ke6 48. Kb5 Ba7 49. Nb4 Kd6 50. Nd3 Ke6 51. Nf4+ Kf6 52. Nh5+ Kg6 53. Nf4+ Kf6 54. Nd3 Ke6 55. Kb4 Bb6 56. Kb3 Ba7 57. Nb4 Bb6 58. Kc2 Bc5 59. Nd3 1/2-1/2